• 首页
  • 本馆介绍
  • 公告通知
  • 最新文献
  • 馆藏检索
  • 电子资源
  • 读者导购
  • 参考咨询
  • 我的图书馆
  • 登录
  • 详细信息显示
  • 放入我的书架
  • 预约/预借图书
  • 作者相关作品
  • 分类相关作品
  • 丛书相关作品
  • 出版社相关作品

书目信息

  • 表格格式
  • 工作单格式
  • 卡片格式
题名:
隋唐史话
    
 
作者: 沈起炜 著
分册:  
出版信息: 北京   中国青年出版社  1979
页数: 304页
开本: 19cm
丛书名: 青年文库
单 册:
中图分类: K240.9 , K24
科图分类:
主题词: 历史-中国-隋唐时代--通俗读物 , 隋唐时代-历史--通俗读物
电子资源:
ISBN:
000 00726oam2 2200277 450
001 1535396874
005 20170926143859.12
010    @dCNY0.67
091    @a11009.60
100    @a19950724d1979 em y0chiy0110 ea
101 0  @achi
102    @aCN@b110000
105    @ay z 000yy
200 1  @a隋唐史话@Asui tang shi hua@f沈起炜著
210    @a北京@c中国青年出版社@d1979
215    @a304页@d19cm
225 2  @a青年文库
461  0 @12001 @a青年文库
606 0  @a历史-中国-隋唐时代@x通俗读物
606 0  @a隋唐时代-历史@x通俗读物
607    @a中国@x历史@x隋唐时代@x通俗读物
690    @aK240.9@v3
690    @aK24@v4
701  0 @a沈起炜@Ashen qi wei@4著
801  0 @aCN@bNLC@c20101222
905    @aZUCC@dK24@eJY21
    
    隋唐史话/沈起炜著.-北京:中国青年出版社,1979
    304页;19cm.-(青年文库)
    
    
    ISBN :CNY0.67
    
●
相关链接 在E读中查询图书 在五车中查询图书 在当当中查询图书 在豆瓣中查询图书


正题名:隋唐史话     索取号:K24/JY21         预约/预借

序号 登录号 条形码 馆藏地/架位号 状态 备注
1 7844333   278443338   学院路分馆/ [索取号:K24/JY21] 在馆    
2 7844336   278443365   学院路分馆/ [索取号:K24/JY21] 在馆    
唐山师范学院图书馆 欢迎您!
大连网信软件有限公司© 版权所有